|
|
|
|
| LEADER |
01552nam a22003974a 4500 |
| 001 |
EBC449818 |
| 003 |
MiAaPQ |
| 005 |
20200520144314.0 |
| 006 |
m o d | |
| 007 |
cr cn||||||||| |
| 008 |
090407s2009 pau sb 001 0 eng |
| 010 |
|
|
|z 2009014339
|
| 020 |
|
|
|z 9781439900314 (cloth : alk. paper)
|
| 035 |
|
|
|a (MiAaPQ)EBC449818
|
| 035 |
|
|
|a (Au-PeEL)EBL449818
|
| 035 |
|
|
|a (CaPaEBR)ebr10351571
|
| 035 |
|
|
|a (CaONFJC)MIL243731
|
| 035 |
|
|
|a (OCoLC)607553985
|
| 040 |
|
|
|a MiAaPQ
|c MiAaPQ
|d MiAaPQ
|
| 050 |
|
4 |
|a PQ3984
|b .H86 2009
|
| 082 |
0 |
4 |
|a 840.9/35780966
|2 22
|
| 100 |
1 |
|
|a Huntington, Julie Anne.
|
| 245 |
1 |
0 |
|a Sounding off
|h [electronic resource] :
|b rhythm, music, and identity in West African and Caribbean francophone novels /
|c Julie Huntington.
|
| 260 |
|
|
|a Philadelphia :
|b Temple University Press,
|c 2009.
|
| 300 |
|
|
|a x, 243 p.
|
| 504 |
|
|
|a Includes bibliographical references (p. [223]-233) and index.
|
| 533 |
|
|
|a Electronic reproduction. Ann Arbor, MI : ProQuest, 2015. Available via World Wide Web. Access may be limited to ProQuest affiliated libraries.
|
| 650 |
|
0 |
|a African fiction (French)
|x History and criticism.
|
| 650 |
|
0 |
|a Caribbean fiction (French)
|x History and criticism.
|
| 650 |
|
0 |
|a Sounds in literature.
|
| 650 |
|
0 |
|a Rhythm in literature.
|
| 650 |
|
0 |
|a Music in literature.
|
| 650 |
|
0 |
|a Group identity in literature.
|
| 655 |
|
4 |
|a Electronic books.
|
| 710 |
2 |
|
|a ProQuest (Firm)
|
| 856 |
4 |
0 |
|u https://ebookcentral.proquest.com/lib/matrademy/detail.action?docID=449818
|z Click to View
|